Early Modern Islamic Educational Reform in India & Egypt (Record no. 18975)

MARC details
000 -LEADER
fixed length control field 00637nam a2200241 a 4500
020 ## - INTERNATIONAL STANDARD BOOK NUMBER
ISBN
082 00 - DEWEY DECIMAL CLASSIFICATION NUMBER
Classification number 371.9754
Author Cutter ROT
100 ## - MAIN ENTRY--AUTHOR NAME
Author name Rothgery, Eric
245 ## - TITLE STATEMENT
Title Early Modern Islamic Educational Reform in India & Egypt
260 ## - PUBLICATION, DISTRIBUTION, ETC. (IMPRINT)
Place of publication Minnesota (USA)
Name of publisher St. Paul Luther Seminary
Year of publication 2002
300 ## - PHYSICAL DESCRIPTION
Number of Pages 111p
500 ## - GENERAL NOTE
General note includes index and biblioraphy
505 2# - FORMATTED CONTENTS NOTE
Formatted contents note Responce Sheet
650 ## - SUBJECT ADDED ENTRY--TOPICAL TERM
Topical Term Education-Muslims India
942 ## - ADDED ENTRY ELEMENTS (KOHA)
Koha item type Books
700 1# -
-- Rothgery, Eric
Holdings
Collection code Home library Current library Date acquired Cost, normal purchase price Full call number Accession Number Koha item type
  Henry Martyn Institute Library Henry Martyn Institute Library 06/05/2007 100.00 371.9754 ROT 11001572 Books
                   Copyright © 2026 | Henry Martyn Institute | Hyderabad | TS-500052 | INDIA | Implemented by hmi.edu.in
Hit-Count:

Powered by Koha